| 000 | 00355nam a2200109 a 4500 | ||
|---|---|---|---|
| 005 | 20200930065650.0 | ||
| 008 | 110718s1955 000 spa d | ||
| 100 |
_aSanchez, Juan Francisco _97332 |
||
| 245 | 0 | _aFilosofía española del siglo XVI, su influencia en Santo Domingo. | |
| 260 |
_aCiudad Trujillo, República Dominicana, _c1955. |
||
| 999 |
_c31975 _d31975 |
||
| 040 | _aDO-SdBNP | ||